Pokémon - Génération VII dans l'ordre du Pokedex National - Statistiques

Statistiques générales
  • Ce quiz a été pris 13 fois
  • Le résultat moyen est 57 sur 88
Statistiques - réponses
Numéro Pokémon % Correct
724 Archéduc
100%
722 Brindibou
100%
723 Efflèche
100%
727 Félinferno
100%
725 Flamiaou
100%
726 Matoufeu
100%
730 Oratoria
100%
728 Otaquin
100%
729 Otarlette
100%
751 Araqua
86%
735 Argouste
86%
733 Bazoucan
86%
737 Chrysapile
86%
754 Floramantis
86%
746 Froussardine
86%
738 Lucanon
86%
734 Manglouton
86%
753 Mimantis
86%
731 Picassaut
86%
732 Piclairon
86%
741 Plumeline
86%
752 Tarenbulle
86%
805 Ama-ama
71%
797 Bamboiselle
71%
750 Bourrinos
71%
796 Cablifère
71%
795 Cancrelove
71%
789 Cosmog
71%
790 Cosmovum
71%
739 Crabagarre
71%
740 Crabominable
71%
798 Katagami
71%
745 Lougaroc
71%
792 Lunala
71%
801 Magearna
71%
794 Mouscoto
71%
744 Rocabot
71%
791 Solgaleo
71%
749 Tiboudet
71%
807 Zeraora
71%
793 Zéroïd
71%
782 Bébécaille
57%
742 Bombydou
57%
762 Candine
57%
760 Chelours
57%
761 Croquine
57%
783 Ecaïd
57%
784 Ekaiser
57%
799 Engloutyran
57%
756 Lampignon
57%
736 Larvibule
57%
758 Malamandre
57%
804 Mandrillon
57%
802 Marshadow
57%
809 Melmetal
57%
808 Meltan
57%
778 Mimiqui
57%
800 Necrozma
57%
759 Nounourson
57%
806 Pierroteknik
57%
743 Rubombelle
57%
755 Spododo
57%
763 Sucreine
57%
777 Togedemaru
57%
788 Tokopisco
57%
786 Tokopiyon
57%
785 Tokorico
57%
787 Tokotoro
57%
757 Tritox
57%
803 Vémini
57%
776 Boumata
43%
779 Denticrisse
43%
775 Dodoala
43%
765 Gouroutan
43%
764 Guérilande
43%
748 Prédastérie
43%
766 Quartermac
43%
781 Sinistrail
43%
747 Vorastérie
43%
769 Bacabouh
29%
780 Draïeul
29%
774 Météno
29%
768 Sarmuraï
29%
773 Silvallié
29%
767 Sovkipou
29%
770 Trépassable
29%
772 Type:0
29%
771 Concombaffe
14%
Aucun quiz correspondant
Distribution des résultats
% des personnes avec chaque résultat
Percentile par nombre de réponses
Votre historique - résultats
Vous n’avez pas pris ce quiz